Ôn luyện trắc nghiệm Sinh học 12: Phần tiến hóa và sinh thái học
v.v...
Đã lưu trong:
| Tác giả chính: | |
|---|---|
| Định dạng: | Sách |
| Năm xuất bản: |
H.
Giáo dục
2008.
|
| Chủ đề: | |
| Tags: |
Thêm thẻ
Không có thẻ, Hãy là người đầu tiên gắn thẻ bản ghi này!
|
| LEADER | 01382nam a2200217 4500 | ||
|---|---|---|---|
| 082 | |a 570.76 |b H531Q | ||
| 100 | |a Huỳnh Quốc Thành | ||
| 245 | |a Ôn luyện trắc nghiệm Sinh học 12: Phần tiến hóa và sinh thái học |c Huỳnh Quốc Thành | ||
| 260 | |a H. |b Giáo dục |c 2008. | ||
| 300 | |a 267 tr. |c 24 cm. | ||
| 520 | |a v.v... | ||
| 653 | |a Sinh học | ||
| 653 | |a Lớp 12 | ||
| 653 | |a Trắc nghiệm | ||
| 942 | |2 ddc |c STK0 | ||
| 999 | |c 7534 |d 7534 | ||
| 952 | |0 0 |1 0 |2 ddc |4 0 |6 570_760000000000000_H531Q |7 0 |8 500 |9 68000 |a qbu |b qbu |c D3 |d 2015-02-20 |g 34000 |o 570.76 H531Q |p 7038.c1 |r 0000-00-00 |w 2015-02-20 |y STK0 |0 0 |6 570_760000000000000_H531Q | ||
| 952 | |0 0 |1 0 |2 ddc |4 0 |6 570_760000000000000_H531Q |7 0 |8 500 |9 68001 |a qbu |b qbu |c D3 |d 2015-02-20 |g 34000 |o 570.76 H531Q |p 7038.c2 |r 0000-00-00 |w 2015-02-20 |y STK0 |0 0 |6 570_760000000000000_H531Q | ||
| 952 | |0 0 |1 0 |2 ddc |4 0 |6 570_760000000000000_H531Q |7 0 |8 500 |9 68002 |a qbu |b qbu |c D3 |d 2015-02-20 |g 34000 |o 570.76 H531Q |p 7038.c3 |r 0000-00-00 |w 2015-02-20 |y STK0 |0 0 |6 570_760000000000000_H531Q | ||
| 952 | |0 0 |1 0 |2 ddc |4 0 |6 570_760000000000000_H531Q |7 0 |8 500 |9 68003 |a qbu |b qbu |c D3 |d 2015-02-20 |g 34000 |o 570.76 H531Q |p 7038.c4 |r 0000-00-00 |w 2015-02-20 |y STK0 |0 0 |6 570_760000000000000_H531Q | ||
| 952 | |0 0 |1 0 |2 ddc |4 0 |6 570_760000000000000_H531Q |7 0 |8 500 |9 68004 |a qbu |b qbu |c D3 |d 2015-02-20 |g 34000 |o 570.76 H531Q |p 7038.c5 |r 0000-00-00 |w 2015-02-20 |y STK0 |0 0 |6 570_760000000000000_H531Q | ||